[Event "Coupe 2000 Phase 1"]
[Site "?"]
[Date "2002.01.27"]
[Round "1"]
[White "Garnier, Gilles"]
[Black "Bellon, Yves"]
[Result "1/2-1/2"]
[WhiteElo "1900"]
[BlackElo "2060"]
[PlyCount "58"]
[EventDate "2002.??.??"]

{Cascol  /  St-Chamond 1 : Echiquier 1
} 1. e4 c5 2. Nf3 d6 3. d4 cxd4 4. Qxd4
Nc6 5. Bb5 Bd7 6. Bxc6 Bxc6 7. Nc3 Nf6 8. Bg5 e6 9. O-O-O Be7 10. Qd3 Qb6 11.
Be3 Qc7 12. Nd4 a6 13. f3 O-O 14. Kb1 Rfd8 15. g4 d5 16. exd5 Nxd5 17. Nxd5
Bxd5 18. Qe2 Rac8 19. Rhe1 Qa5 20. Nb3 Qb4 21. Bd2 Qa4 22. Bc3 Rc6 23. h4 Bb4
24. Rd4 a5 25. g5 Rdc8 26. h5 Rc4 27. Bxb4 Qxb4 28. Rxc4 Rxc4 29. Qd2 a4
1/2-1/2

[Event "Coupe 2000 Phase 1"]
[Site "?"]
[Date "2002.01.27"]
[Round "1"]
[White "Valla, Nicolas"]
[Black "Bec, Williams"]
[Result "1/2-1/2"]
[WhiteElo "1980"]
[BlackElo "2030"]
[PlyCount "55"]
[EventDate "2002.??.??"]

{Cascol  /  St-Chamond 1 : Echiquier 2
} 1. e4 c5 2. c3 g6 3. d4 cxd4 4. cxd4
Bg7 5. Nf3 d6 6. h3 Nf6 7. Nc3 O-O 8. Bc4 b5 9. Bxb5 Qa5 10. Bd3 Bb7 11. O-O
Nbd7 12. Qe2 Rab8 13. Bd2 Qh5 14. Rfc1 Bc8 15. Rab1 Nb6 16. Ng5 Qxe2 17. Nxe2
Ne8 18. Nf3 Bd7 19. b4 f5 20. e5 h6 21. h4 Rd8 22. Nf4 dxe5 23. Nxg6 Rf6 24.
Ngxe5 Be6 25. a3 Bd5 26. Bb5 Be4 27. Rb3 Nd5 28. Bc4 1/2-1/2

[Event "Coupe 2000 Phase 1"]
[Site "?"]
[Date "2002.01.27"]
[Round "1"]
[White "Sainseaux, Patrice"]
[Black "Verdelli, Maximilien"]
[Result "0-1"]
[WhiteElo "1820"]
[BlackElo "1900"]
[PlyCount "60"]
[EventDate "2002.??.??"]

{Cascol  /  St-Chamond 1 : Echiquier 3
} 1. e4 c5 2. Nf3 d6 3. Bb5+ Nd7 4. Qe2
a6 5. Bxd7+ Bxd7 6. d3 h6 7. e5 e6 8. Nc3 d5 9. Bd2 b5 10. b3 Ne7 11. g4 Nc6
12. h4 Be7 13. O-O-O Qc7 14. g5 O-O-O 15. gxh6 gxh6 16. Bf4 Qa5 17. Nb1 Qxa2
18. Rd2 Qa5 19. c3 Qb6 20. Ra2 Kb7 21. Kc2 Ra8 22. Nbd2 Kc7 23. Bg3 a5 24. Nh2
b4 25. Nhf3 bxc3 26. Kxc3 Qb4+ 27. Kb2 a4 28. Rha1 Rhb8 29. Qd1 Nd4 30. Nxd4
Qxd4+ 0-1

[Event "Coupe 2000 Phase 1"]
[Site "?"]
[Date "2002.01.27"]
[Round "1"]
[White "Garon, Pierre"]
[Black "Ravot, Cyril"]
[Result "1-0"]
[WhiteElo "1880"]
[BlackElo "1580"]
[PlyCount "62"]
[EventDate "2002.??.??"]

{Cascol  /  St-Chamond 1 : Echiquier 4
} 1. c4 e5 2. Nc3 Nf6 3. g3 c6 4. d4
exd4 5. Qxd4 Bb4 6. Bg2 O-O 7. Bd2 Bxc3 8. Bxc3 d5 9. Rd1 Be6 10. e4 Re8 11.
Ne2 Nbd7 12. cxd5 cxd5 13. exd5 Bf5 14. Rd2 Be4 15. O-O Bxg2 16. Kxg2 Nb6 17.
Nf4 Qd7 18. f3 Rac8 19. b3 Nbxd5 20. Nxd5 Qxd5 21. Qxa7 Qg5 22. Qd4 h6 23. Rfd1
Nd5 24. Qxd5 Qxd5 25. Rxd5 Rxc3 26. R1d2 Rce3 27. Kf2 R3e6 28. Rd7 b5 29. Rb7
Re5 30. f4 Rh5 31. Kf3 g5 1-0

[Event "Coupe 2000 Phase 1"]
[Site "?"]
[Date "2002.01.27"]
[Round "1"]
[White "Graillon, David"]
[Black "Marmey, Cedric"]
[Result "1-0"]
[WhiteElo "2000"]
[BlackElo "1980"]
[PlyCount "71"]
[EventDate "2002.??.??"]

{Aurec 1  /  Meximieux : Echiquier 1
} 1. Nf3 d6 2. d4 Nf6 3. g3 Nbd7 4. Bg2
c6 5. O-O e5 6. c4 Be7 7. Nc3 O-O 8. e4 Qc7 9. Re1 exd4 10. Nxd4 Ne5 11. b3 Bg4
12. Qc2 Qd7 13. f4 Ng6 14. f5 Ne5 15. h3 c5 16. Ndb5 Bf3 17. Bf1 a6 18. Na3
Rfe8 19. Kf2 Bxe4 20. Nxe4 Qxf5+ 21. Kg2 Qf3+ 22. Kh2 Nxe4 23. Qxe4 Qf2+ 24.
Bg2 Bf6 25. Rf1 Nf3+ 26. Qxf3 Qxf3 27. Bxf3 Bxa1 28. Nc2 Bc3 29. Kg1 Re7 30.
Bf4 Be5 31. Be3 Rae8 32. g4 Bf6 33. Rd1 Rd8 34. Bxc5 Be5 35. Be3 Kf8 36. Kf2 {
Les Blancs gagnerent quelques coups plus tard.} 1-0

[Event "Coupe 2000 Phase 1"]
[Site "?"]
[Date "2002.01.27"]
[Round "1"]
[White "Pardon, Francois"]
[Black "Testard, Philippe"]
[Result "0-1"]
[WhiteElo "1810"]
[BlackElo "1860"]
[PlyCount "48"]
[EventDate "2002.??.??"]

{Aurec 1  /  Meximieux : Echiquier 2
} 1. e4 e5 2. Nc3 Nc6 3. Nf3 Nf6 4. d4
exd4 5. Nxd4 Bb4 6. Nxc6 Bxc3+ 7. bxc3 bxc6 8. Bd3 O-O 9. O-O h6 10. e5 Nh7 11.
Qh5 Re8 12. f4 d5 13. Ba3 a5 14. Rf3 Qd7 15. Rg3 Kh8 16. c4 dxc4 17. Rd1 Qd4+
18. Kh1 cxd3 19. Qxf7 Rg8 20. Rgxd3 Qe4 21. Qxc7 Bg4 22. Rb1 Qxf4 23. Bd6 Qe4
24. Qb6 24... Ng5 {Les Noirs gagnerent quelques coups plus tard.} 0-1

[Event "Coupe 2000 Phase 1"]
[Site "?"]
[Date "2002.01.27"]
[Round "1"]
[White "Celette, Robert"]
[Black "Vernay, Denis"]
[Result "1-0"]
[WhiteElo "1860"]
[BlackElo "1810"]
[PlyCount "102"]
[EventDate "2002.??.??"]

{Aurec 1  /  Meximieux : Echiquier 3
} 1. e4 e6 2. d3 d5 3. Nd2 Nf6 4. g3 dxe4
5. dxe4 Nc6 6. Bg2 e5 7. Ngf3 Bc5 8. O-O O-O 9. c3 Bg4 10. b4 Bb6 11. Qc2 Qe7
12. a4 a6 13. Ba3 Nd8 14. Rfd1 h6 15. Nc4 Qe6 16. Nxb6 cxb6 17. b5 Re8 18. Rd6
Qc4 19. Nd2 Qc7 20. h3 Be6 21. Qd3 axb5 22. Qxb5 Qxc3 23. Bb2 Qc5 24. Qxb6 Qxb6
25. Rxb6 Nd7 26. Rb5 Nc6 27. Rxb7 Na5 28. Rb5 Nc4 29. Nxc4 Bxc4 30. Rb7 Nf6 31.
a5 Re6 32. Rc1 Bd3 33. Rcc7 Rxa5 34. Rxf7 Ne8 35. Rfd7 Rb5 36. Rxb5 Bxb5 37.
Rd5 Bc6 38. Rxe5 Rd6 39. Rc5 Rd1+ 40. Kh2 Bd7 41. Rd5 Rxd5 42. exd5 Kf7 43. f4
Nc7 44. Kg1 Nb5 45. Kf2 Nd6 46. Be5 Nf5 47. g4 Ne7 48. Ke3 Ng6 49. Be4 Ne7 50.
d6 Nc8 51. Bd5+ Be6 1-0

[Event "Coupe 2000 Phase 1"]
[Site "?"]
[Date "2002.01.27"]
[Round "1"]
[White "Nyd, Christopher"]
[Black "Chomier, Frederic"]
[Result "0-1"]
[WhiteElo "1530"]
[BlackElo "1990"]
[PlyCount "106"]
[EventDate "2002.??.??"]

{Aurec 1  /  Meximieux : Echiquier 4
} 1. d4 Nf6 2. c4 e6 3. Nc3 d5 4. Bf4 c6
5. Nf3 Nbd7 6. c5 b6 7. Qa4 Bb7 8. b4 Nh5 9. Be5 f6 10. Bg3 Nxg3 11. hxg3 Be7
12. e3 e5 13. O-O-O O-O 14. Ba6 Qc7 15. Bxb7 Qxb7 16. Qc2 e4 17. Nd2 f5 18. f3
a5 19. a3 axb4 20. axb4 bxc5 21. bxc5 Rfb8 22. Ndb1 Bg5 23. f4 Bd8 24. Kd2 Qb2
25. Rc1 Nf6 26. Qxb2 Rxb2+ 27. Rc2 Rab8 28. Rhc1 Ng4 29. Rxb2 Rxb2+ 30. Rc2
Rxc2+ 31. Kxc2 Nxe3+ 32. Kb3 Nxg2 33. Ne2 g5 34. fxg5 Bxg5 35. Ka4 Bd8 36. Nd2
Kf7 37. Nb3 Ke8 38. Na5 Bxa5 39. Kxa5 h5 40. Kb6 Kd7 41. Kb7 e3 42. Nc3 h4 43.
gxh4 Nxh4 44. Nxd5 e2 45. Nf6+ Ke7 46. Kxc6 Kxf6 47. d5 e1=Q 48. d6 Qe4+ 49.
Kc7 Qd5 50. c6 Ke6 51. d7 Ke7 52. Kb7 Qxd7+ 53. c7 f4 0-1

[Event "Coupe 2000 Phase 1"]
[Site "?"]
[Date "2002.01.27"]
[Round "1"]
[White "Brailly-Vignal, Bastien"]
[Black "Massard, Christian"]
[Result "1-0"]
[WhiteElo "1840"]
[BlackElo "1870"]
[PlyCount "79"]
[EventDate "2002.??.??"]

{Bourg en Bresse  /  St-Chamond 2 : Echiquier 1
} 1. d4 Nf6 2. c4 e5 3. dxe5
Ng4 4. Nf3 Nc6 5. Bf4 Bb4+ 6. Nbd2 Qe7 7. a3 Bxd2+ 8. Qxd2 Ngxe5 9. Nxe5 Nxe5
10. e3 d6 11. Bxe5 dxe5 12. Bd3 Be6 13. O-O O-O 14. Qc3 Rfd8 15. Be4 Bc8 16.
Rfd1 f6 17. Rxd8+ Qxd8 18. Qc2 g6 19. Rd1 Qe7 20. Qd3 c6 21. Qd8+ Qxd8 22.
Rxd8+ Kf7 23. Kf1 f5 24. Bc2 b6 25. Ba4 b5 26. cxb5 cxb5 27. Bxb5 a6 28. Bc6
Rb8 29. Bd7 Bxd7 30. Rxb8 e4 31. Rb7 Ke6 32. Ke1 g5 33. Rb6+ Ke5 34. Rxa6 f4
35. exf4+ gxf4 36. Ra5+ Kd4 37. Kd2 e3+ 38. Ke2 Bc6 39. f3 Kc4 40. g3 1-0

[Event "Coupe 2000 Phase 1"]
[Site "?"]
[Date "2002.01.27"]
[Round "1"]
[White "Poncet, Alain"]
[Black "Papet, Bernard"]
[Result "1-0"]
[WhiteElo "1810"]
[BlackElo "1740"]
[PlyCount "37"]
[EventDate "2002.??.??"]

{Bourg en Bresse  /  St-Chamond 2 : Echiquier 2
} 1. e4 d5 2. f4 c5 3. Bb5+
Nc6 4. Nf3 Bg4 5. O-O e6 6. Re1 Qb6 7. c4 d4 8. d3 O-O-O 9. Bxc6 Qxc6 10. Nbd2
Ne7 11. Qc2 Ng6 12. b4 b6 13. bxc5 bxc5 14. Rb1 Rd7 15. Ba3 Rb7 16. Rxb7 Qxb7
17. Rb1 Qc7 18. Qa4 Nxf4 19. Qe8+ 1-0

[Event "Coupe 2000 Phase 1"]
[Site "?"]
[Date "2002.01.27"]
[Round "1"]
[White "Gubelmann, Albert"]
[Black "Bednar, Emile"]
[Result "0-1"]
[WhiteElo "1700"]
[BlackElo "1920"]
[PlyCount "96"]
[EventDate "2002.??.??"]

{Bourg en Bresse  /  St-Chamond 2 : Echiquier 3
} 1. d4 d5 2. Nf3 e6 3. e3 Bd6
4. c4 c6 5. cxd5 exd5 6. Nc3 f5 7. Ne5 Nf6 8. Be2 Qe7 9. O-O Bxe5 10. dxe5 Qxe5
11. f4 Qe7 12. Bh5+ g6 13. Bf3 Be6 14. Qd4 Nbd7 15. Bd2 O-O 16. a3 b6 17. Qd3
Nc5 18. Qc2 Rac8 19. Rae1 Rfd8 20. b4 Nce4 21. Nxe4 dxe4 22. Be2 c5 23. Qb2 c4
24. Bc3 Kf7 25. Bd1 b5 26. h4 h5 27. g3 Nd5 28. Bd4 a6 29. Bc5 Rxc5 30. bxc5
Qxc5 31. Qc1 a5 32. Kf2 b4 33. axb4 axb4 34. Re2 Nc3 35. Rd2 Rd3 36. Re1 Qd6
37. Rxd3 exd3 38. Qb2 Ne4+ 39. Kg2 c3 40. Qa1 c2 41. Bf3 d2 42. Rf1 d1=Q 43.
Rxd1 cxd1=Q 44. Qxd1 Qd2+ 45. Qxd2 Nxd2 46. Be2 b3 47. Kf2 b2 48. Bd3 b1=Q 0-1

[Event "Coupe 2000 Phase 1"]
[Site "?"]
[Date "2002.01.27"]
[Round "1"]
[White "Mujic, Saban"]
[Black "Huseni, Imer"]
[Result "1-0"]
[WhiteElo "1800"]
[BlackElo "1599"]
[PlyCount "131"]
[EventDate "2002.??.??"]

{Bourg en Bresse  /  St-Chamond 2 : Echiquier 4
} 1. d4 d5 2. c4 Nf6 3. Nc3
Nc6 4. e3 g6 5. a3 Bg7 6. Bd3 O-O 7. Nf3 Bg4 8. h3 Bxf3 9. Qxf3 e5 10. dxe5
Nxe5 11. Qe2 d4 12. exd4 Qxd4 13. Bc2 Nxc4 14. O-O Rfe8 15. Qd3 Qxd3 16. Bxd3
Ne5 17. Bc2 c6 18. Bf4 Nd5 19. Nxd5 cxd5 20. Rad1 Rad8 21. Ba4 Re7 22. Rfe1 Nc6
23. Rxe7 Nxe7 24. Rd2 d4 25. Bb3 Rc8 26. Bg5 Nf5 27. g4 Nd6 28. Rc2 Rxc2 29.
Bxc2 Nc4 30. Bc1 Ne5 31. Be4 b5 32. f4 Nc4 33. b3 Na5 34. Bc2 d3 35. Bxd3 Nxb3
36. Be3 a6 37. Bc2 Bd4 38. Kf2 Bxe3+ 39. Kxe3 Na5 40. Kd4 Nc4 41. a4 Na3 42.
Bb3 bxa4 43. Bxa4 Nb5+ 44. Bxb5 axb5 45. Kc5 Kg7 46. Kxb5 Kf6 47. Kc5 g5 48. f5
h5 49. Kd6 h4 50. Kd7 Ke5 51. Ke7 Kf4 52. Kxf7 Kg3 53. Kg6 Kxh3 54. f6 Kxg4 55.
f7 h3 56. f8=Q Kg3 57. Qa3+ Kg2 58. Qb2+ Kg3 59. Qc3+ Kg2 60. Qd2+ Kf1 61. Kxg5
Kg1 62. Qe1+ Kg2 63. Qe4+ Kf2 64. Qh1 Kg3 65. Qg1+ Kf3 66. Qh2 1-0

[Event "Coupe 2000 Phase 1"]
[Site "?"]
[Date "2002.01.27"]
[Round "1"]
[White "Roche, Marius"]
[Black "Valjan, Berislav"]
[Result "1-0"]
[WhiteElo "1730"]
[BlackElo "1750"]
[PlyCount "105"]
[EventDate "2002.??.??"]

{St-Chamond 3  / Aurec  Systeme Molter
} 1. d4 d5 2. Nf3 Nf6 3. g3 e6 4. c4 c6
5. cxd5 exd5 6. Bg2 Be7 7. O-O Bf5 8. Nc3 Nbd7 9. Nh4 Bg6 10. a4 a5 11. Re1 O-O
12. Nxg6 fxg6 13. h3 Bd6 14. Bg5 h6 15. Bxf6 Qxf6 16. Rf1 Bb4 17. e4 Bxc3 18.
bxc3 dxe4 19. Bxe4 Qe6 20. Bg2 Nf6 21. Qd3 g5 22. Rab1 Rab8 23. Rfe1 Qa2 24.
Ra1 Qb3 25. Re5 Rfe8 26. Rxa5 Re7 27. Rb1 Qf7 28. Bxc6 Rf8 29. Bb5 Nd5 30. Rf1
b6 31. Ra6 Qf6 32. Bc4 Rd7 33. Bxd5+ Rxd5 34. Qc4 Qd6 35. a5 Kh8 36. Rxb6 Qd7
37. a6 Rdf5 38. Rb7 Qd6 39. Qe2 Ra5 40. a7 Ra8 41. Qe7 Qxe7 42. Rxe7 R5xa7 43.
Rxa7 Rxa7 44. Rc1 Kg8 45. Kg2 Kf7 46. Kf3 Ke6 47. c4 Kd6 48. Rc3 h5 49. Ke4 g6
50. c5+ Kc6 51. d5+ Kb5 52. c6 Re7+ 53. Kd4 1-0

[Event "Coupe 2000 Phase 1"]
[Site "?"]
[Date "2002.01.27"]
[Round "1"]
[White "Barthelemy, Jerome"]
[Black "Libiszewski, Cristian"]
[Result "0-1"]
[WhiteElo "1400"]
[BlackElo "1650"]
[PlyCount "48"]
[EventDate "2002.??.??"]

{St-Chamond 3  / Aurec  Systeme Molter
} 1. c4 e5 2. Nc3 Nf6 3. Nf3 Nc6 4. g3
d5 5. cxd5 Nxd5 6. Bg2 Be6 7. O-O Be7 8. d4 exd4 9. Nxd4 Nxd4 10. Qxd4 Bf6 11.
Qd2 Nxc3 12. bxc3 c6 13. Rb1 Qc7 14. Qc2 O-O 15. Bf4 Qc8 16. Rfe1 Qd8 17. Rxb7
Qa5 18. Bd2 Rac8 19. c4 Qa6 20. Reb1 Bxc4 21. e4 Bd3 22. Qb3 Bxb1 23. Bf1 Qxa2
24. Qxb1 Qxd2 0-1

[Event "Coupe 2000 Phase 1"]
[Site "?"]
[Date "2002.01.27"]
[Round "1"]
[White "Frota, Rewbenio"]
[Black "Vier, Serge"]
[Result "1/2-1/2"]
[WhiteElo "1800"]
[BlackElo "1670"]
[PlyCount "96"]
[EventDate "2002.??.??"]

{St-Chamond 3  / St-Etienne  Systeme Molter
} 1. d4 d5 2. Nf3 Nf6 3. c4 e6 4.
Bg5 Be7 5. Nc3 c6 6. e3 Nbd7 7. Bd3 O-O 8. O-O dxc4 9. Bxc4 Nb6 10. Bb3 Nbd5
11. e4 Nxc3 12. bxc3 Nxe4 13. Bxe7 Qxe7 14. Qd3 f5 15. Ne5 Rd8 16. f3 Nc5 17.
Qc4 Nxb3 18. axb3 Qd6 19. Nd3 b5 20. Qb4 Qxb4 21. Nxb4 Bb7 22. Rfe1 Kf7 23. Nd3
a6 24. b4 Rd6 25. Nc5 Bc8 26. Re2 Kf6 27. f4 h6 28. g3 g6 29. Rea2 Ra7 30. Nxa6
Rxa6 31. Rxa6 Bxa6 32. Rxa6 g5 33. Kf2 g4 34. Ke3 Ke7 35. Kd3 Kf6 36. c4 bxc4+
37. Kxc4 Ke7 38. Rb6 Kd7 39. Rb7+ Kc8 40. Rh7 Kb8 41. Kc5 Rd5+ 42. Kc4 Kc8 43.
Rxh6 Kd7 44. Rh7+ Kd6 45. Ra7 Rb5 46. Ra5 Rd5 47. Rxd5+ exd5+ 48. Kb3 Kc7
1/2-1/2

[Event "Coupe 2000 Phase 1"]
[Site "?"]
[Date "2002.01.27"]
[Round "1"]
[White "Bastien, Daniel"]
[Black "Roncin, Cesar"]
[Result "1-0"]
[WhiteElo "1690"]
[BlackElo "1640"]
[PlyCount "119"]
[EventDate "2002.??.??"]

{St-Chamond 3  / St-Etienne  Systeme Molter
} 1. c4 Nf6 2. Nc3 g6 3. g3 Bg7 4.
Bg2 O-O 5. Nf3 d6 6. O-O e5 7. d3 Nc6 8. a3 Ne8 9. Bd2 f5 10. Qc1 Bf6 11. Bg5
Rf7 12. Bxf6 Qxf6 13. Qg5 Qxg5 14. Nxg5 Rg7 15. Bxc6 bxc6 16. b4 h6 17. Nf3 g5
18. Rab1 h5 19. e3 h4 20. Rb2 Rb8 21. a4 f4 22. exf4 gxf4 23. Nxh4 Nf6 24. b5
Nh5 25. Rfb1 c5 26. a5 fxg3 27. fxg3 Nxg3 28. hxg3 Rxg3+ 29. Rg2 Rxg2+ 30. Nxg2
Bf5 31. Ne4 c6 32. b6 axb6 33. axb6 d5 34. Nxc5 dxc4 35. Ne1 cxd3 36. Nexd3 e4
37. Nf4 e3 38. Rb2 Kf7 39. b7 Bc8 40. Kf1 Kf6 41. Ke2 Ke5 42. Kxe3 Kd6 43. Nfd3
Kd5 44. Rb4 Kd6 45. Rd4+ Ke7 46. Rb4 Kd6 47. Kd4 Ke7 48. Ne5 Kd6 49. Rb2 Bxb7
50. Nxb7+ Kc7 51. Rc2 Kxb7 52. Rxc6 Rd8+ 53. Ke4 Re8 54. Rh6 Kc7 55. Kd5 Rd8+
56. Kc5 Re8 57. Rh7+ Kd8 58. Kd6 Rf8 59. Nc6+ Kc8 60. Rc7# 1-0

[Event "Coupe 2000 Phase 1"]
[Site "?"]
[Date "2002.01.27"]
[Round "1"]
[White "Doran, Nial"]
[Black "Valet, Godefroy"]
[Result "0-1"]
[WhiteElo "1499"]
[BlackElo "1500"]
[PlyCount "114"]
[EventDate "2002.??.??"]

{St-Etienne  / Aurec  Systeme Molter
} 1. e4 e6 2. d4 d5 3. Nc3 Bb4 4. e5 c5
5. Nf3 cxd4 6. Nxd4 Bc5 7. Qg4 Kf8 8. Bd3 Qb6 9. Ncb5 a6 10. Nd6 Bxd4 11. Nxc8
Bxf2+ 12. Ke2 Qc5 13. Nd6 Qd4 14. Qf3 Qxe5+ 15. Kxf2 Qxd6 16. Re1 Nf6 17. Bh6
Nbd7 18. Bf4 e5 19. Bg3 Qb6+ 20. Kf1 e4 21. Qe2 exd3 22. Qe7+ Kg8 23. cxd3 Qd8
24. Qxd8+ Rxd8 25. Rac1 g6 26. Rc7 Kg7 27. Bh4 Rc8 28. Bxf6+ Nxf6 29. Rxb7 Rb8
30. Ree7 Rxb7 31. Rxb7 Re8 32. b4 Re3 33. Ra7 Re6 34. a4 Rb6 35. a5 Rxb4 36.
Rxa6 Ra4 37. Ke2 d4 38. Kd2 Nd5 39. Kc2 Nb4+ 40. Kb3 Nxa6 41. Kxa4 Kf6 42. Kb5
Nc7+ 43. Kb6 Nd5+ 44. Kc5 Ke5 45. a6 Nc7 46. a7 f5 47. Kc6 Na8 48. Kb7 Kd6 49.
Kxa8 Kc7 50. g3 Kc8 51. h3 Kc7 52. h4 h5 53. g4 hxg4 54. h5 g3 55. h6 g2 56. h7
g1=Q 57. h8=Q Qg2# 0-1

[Event "Coupe 2000 Phase 1"]
[Site "?"]
[Date "2002.01.27"]
[Round "1"]
[White "Chabas, Jean-Luc"]
[Black "Lafrechoux, Laurent"]
[Result "1-0"]
[WhiteElo "1580"]
[BlackElo "1850"]
[PlyCount "55"]
[EventDate "2002.??.??"]

{Aurec  /  St-Etienne : Systeme Molter
} 1. e4 e5 2. Nf3 Bc5 3. Bc4 b5 4. Bxb5
Nf6 5. d3 c6 6. Ba4 O-O 7. O-O Re8 8. Bg5 Qb6 9. Bb3 Ng4 10. Bh4 d5 11. exd5 e4
12. h3 exf3 13. hxg4 Bxg4 14. Qd2 Re3 15. Nc3 fxg2 16. Rfe1 Rxe1+ 17. Rxe1 Nd7
18. Na4 Qc7 19. Nxc5 Nxc5 20. Qe3 Nd7 21. dxc6 Nf8 22. Bg3 Qxc6 23. Qe7 Ne6 24.
d4 Qf3 25. d5 Nf8 26. d6 Ng6 27. Qc7 Nf4 28. Qxf7+ 1-0

[Event "Coupe 2000 Phase 1"]
[Site "?"]
[Date "2002.01.27"]
[Round "2"]
[White "Bellon, Yves"]
[Black "Roche, Marius"]
[Result "1-0"]
[WhiteElo "2060"]
[BlackElo "1730"]
[PlyCount "65"]
[EventDate "2002.??.??"]

{St-Chamond 1  /  St-Chamond 3 : Echiquier 1
} 1. c4 f5 2. Nc3 Nf6 3. g3 g6 4.
Bg2 Bg7 5. d3 d6 6. Bg5 O-O 7. Qd2 Nc6 8. Bh6 e5 9. Bxg7 Kxg7 10. O-O-O a5 11.
Nh3 Re8 12. f4 e4 13. dxe4 Nxe4 14. Nxe4 fxe4 15. Ng5 Bf5 16. a3 h6 17. Nh3 Qf6
18. e3 Qe6 19. Qc3+ Kg8 20. Nf2 Kf7 21. h3 h5 22. g4 Qf6 23. Qxf6+ Kxf6 24.
gxf5 gxf5 25. h4 Re7 26. Bh3 Rg8 27. Rd5 Rg3 28. Rxf5+ Kg6 29. Rg5+ Rxg5 30.
hxg5 a4 31. Kd2 Na5 32. Kc3 c6 33. Rd1 1-0

[Event "Coupe 2000 Phase 1"]
[Site "?"]
[Date "2002.01.27"]
[Round "2"]
[White "Vier, Serge"]
[Black "Valla, Nicolas"]
[Result "0-1"]
[WhiteElo "1670"]
[BlackElo "1980"]
[PlyCount "33"]
[EventDate "2002.??.??"]

{St-Chamond 1  /  St-Chamond 3 : Echiquier 2
} 1. d4 Nf6 2. c4 c5 3. d5 b5 4.
cxb5 a6 5. bxa6 Bxa6 6. Nc3 d6 7. g3 g6 8. Bg2 Bg7 9. Nf3 O-O 10. O-O Nbd7 11.
Re1 Qa5 12. Rb1 Rfb8 13. Qc2 Ng4 14. Bd2 Nge5 15. Na4 Qc7 16. Nc3 h6 17. e4 0-1

[Event "Coupe 2000 Phase 1"]
[Site "?"]
[Date "2002.01.27"]
[Round "2"]
[White "Verdelli, Maximilien"]
[Black "Bastien, Daniel"]
[Result "1-0"]
[WhiteElo "1900"]
[BlackElo "1690"]
[PlyCount "45"]
[EventDate "2002.??.??"]

{St-Chamond 1  /  St-Chamond 3 : Echiquier 3
} 1. d4 g6 2. c4 Bg7 3. Nc3 c6 4.
e4 d6 5. f4 Nf6 6. Be2 Na6 7. Nf3 Bg4 8. O-O O-O 9. Be3 Bxf3 10. Bxf3 Nc7 11.
e5 dxe5 12. fxe5 Nd7 13. Qd2 Nb6 14. Be2 Ne6 15. Rad1 Qc7 16. Qe1 Rad8 17. Qh4
Bh8 18. Rf3 Ng7 19. Rh3 h5 20. g4 Qd7 21. Rf1 Qe6 22. b3 Nxc4 23. bxc4 1-0

[Event "Coupe 2000 Phase 1"]
[Site "?"]
[Date "2002.01.27"]
[Round "2"]
[White "Libiszewski, Christian"]
[Black "Garon, Pierre"]
[Result "0-1"]
[WhiteElo "1650"]
[BlackElo "1880"]
[PlyCount "72"]
[EventDate "2002.??.??"]

{St-Chamond 1  /  St-Chamond 3 : Echiquier 4
} 1. e4 c6 2. d4 d5 3. exd5 cxd5
4. Nf3 Nc6 5. Be2 Bf5 6. O-O Nf6 7. Nc3 h6 8. Bd3 Bxd3 9. Qxd3 e6 10. a3 Bd6
11. Re1 O-O 12. Nb5 Bb8 13. Nc3 a6 14. b4 b5 15. Nd1 Bd6 16. Nb2 Qb6 17. c3
Rfc8 18. Ne5 Qc7 19. Qg3 Ne4 20. Rxe4 dxe4 21. Bf4 Kh7 22. Re1 Nxe5 23. dxe5
Be7 24. Rc1 Qd7 25. Qe3 Qd5 26. a4 Kg8 27. a5 Qb3 28. Nd1 Rd8 29. Qe2 Rd3 30.
f3 Rad8 31. Nf2 exf3 32. gxf3 Rxc3 33. Rxc3 Qxc3 34. Ne4 Qxb4 35. Qg2 Rd1+ 36.
Kf2 Qe1# 0-1

[Event "Coupe 2000 Phase 1"]
[Site "?"]
[Date "2002.01.28"]
[Round "2"]
[White "Massard, Christian"]
[Black "Graillon, David"]
[Result "0-1"]
[WhiteElo "1870"]
[BlackElo "2040"]
[PlyCount "30"]
[EventDate "2002.??.??"]

{St-Chamond 2  /  Aurec 1 : Echiquier 1
} 1. Nf3 d5 2. d4 Nf6 3. Bg5 e6 4. c3
c5 5. Nbd2 Be7 6. dxc5 Bxc5 7. Nb3 Bxf2+ 8. Kxf2 Ne4+ 9. Ke1 Nxg5 10. Qd4 O-O
11. h4 Nc6 12. Qd3 Ne4 13. g4 Qb6 14. Rh2 a5 15. a4 Qxb3 0-1

[Event "Coupe 2000 Phase 1"]
[Site "?"]
[Date "2002.01.27"]
[Round "2"]
[White "Testard, Philippe"]
[Black "Poncet, Alain"]
[Result "1-0"]
[WhiteElo "1860"]
[BlackElo "1810"]
[PlyCount "90"]
[EventDate "2002.??.??"]

{St-Chamond 2  /  Aurec 1 : Echiquier 2
} 1. d4 d5 2. c4 e6 3. Nc3 Nf6 4. Bg5
Nbd7 5. cxd5 exd5 6. e3 c6 7. Bd3 h6 8. Bh4 Be7 9. Nge2 O-O 10. O-O Re8 11. f3
Bd6 12. e4 g5 13. Bg3 Bxg3 14. Nxg3 Qb6 15. Bc2 Qxb2 16. Qd3 Nf8 17. e5 N6h7
18. a4 Qb4 19. Rab1 Qe7 20. f4 f6 21. Rbe1 Bd7 22. Re2 Qg7 23. Ref2 gxf4 24.
Nh5 Qg5 25. Nxf6+ Nxf6 26. exf6 Re3 27. f7+ Kh8 28. Qd2 Ne6 29. Nd1 Rh3 30. Kh1
Rh4 31. Qd3 Nf8 32. Re1 Kg7 33. Re5 Qg6 34. Qb3 Qxf7 35. Qxb7 Re8 36. Qc7 Ne6
37. Qxa7 Ng5 38. Qc7 Ne4 39. Bxe4 dxe4 40. Rxe8 Qxe8 41. Rxf4 Rxf4 42. Qxf4 c5
43. dxc5 Bxa4 44. Ne3 Bc6 45. h3 45... Qe6 {
Les Noirs perdent quelques coups plus tard
} 1-0

[Event "Coupe 2000 Phase 1"]
[Site "?"]
[Date "2002.01.27"]
[Round "2"]
[White "Bednar, Emile"]
[Black "Celette, Robert"]
[Result "1/2-1/2"]
[WhiteElo "2060"]
[BlackElo "1860"]
[PlyCount "69"]
[EventDate "2002.??.??"]

{St-Chamond 2  /  Aurec 1 : Echiquier 3
} 1. d4 Nf6 2. c4 g6 3. Nc3 Bg7 4. e4
O-O 5. Be2 d6 6. Nf3 e5 7. dxe5 dxe5 8. Qxd8 Rxd8 9. Bg5 Re8 10. Bxf6 Bxf6 11.
O-O c6 12. Rfd1 Bg4 13. Rd3 Na6 14. Rad1 Nc5 15. R3d2 Kg7 16. Kf1 a5 17. Ne1
Bxe2+ 18. Kxe2 Ne6 19. Rd7 Nc5 20. R7d2 Ne6 21. Rd7 Nd4+ 22. Kf1 Re7 23. Rxe7
Bxe7 24. Ne2 Bc5 25. Nd3 Bd6 26. c5 Bc7 27. Nxd4 exd4 28. f4 Re8 29. e5 f6 30.
exf6+ Kxf6 31. Re1 Rxe1+ 32. Kxe1 Kf5 33. g3 Ke4 34. Ke2 Kd5 35. b3 1/2-1/2

[Event "Coupe 2000 Phase 1"]
[Site "?"]
[Date "2002.01.27"]
[Round "2"]
[White "Chomier, Frederic"]
[Black "Mujic, Saban"]
[Result "1-0"]
[WhiteElo "1990"]
[BlackElo "1800"]
[PlyCount "101"]
[EventDate "2002.??.??"]

{St-Chamond 2  /  Aurec 1 : Echiquier 4
} 1. e4 c5 2. Nc3 d6 3. d3 Nf6 4. g3
e6 5. Bg2 Be7 6. f4 a6 7. a4 O-O 8. Nf3 Nc6 9. O-O Qb6 10. Kh1 Bd7 11. Rb1 Rac8
12. Be3 Qc7 13. Qd2 Ng4 14. Bg1 Qa5 15. h3 Nf6 16. b3 e5 17. Be3 Nd4 18. fxe5
Nxf3 19. Rxf3 dxe5 20. Nd5 Qxd2 21. Nxe7+ Kh8 22. Bxd2 Rce8 23. Nf5 b6 24. Rbf1
h6 25. Bc3 Re6 26. Kh2 Kh7 27. Ne3 Bc6 28. Nc4 Rfe8 29. Rf5 b5 30. axb5 Bxb5
31. Nxe5 Kg8 32. Nc4 R8e7 33. Bxf6 gxf6 34. Rxf6 Kg7 35. Rxe6 Rxe6 36. Rf5 Rc6
37. e5 Rc7 38. Bd5 Bxc4 39. Bxc4 a5 40. g4 Re7 41. Kg3 Ra7 42. Kf4 a4 43. bxa4
Rxa4 44. Rxf7+ Kg6 45. Rf6+ Kg7 46. Kf5 Ra7 47. e6 h5 48. g5 h4 49. Rf7+ Rxf7+
50. exf7 Kf8 51. Kg6 1-0

[Event "Coupe 2000 Phase 1"]
[Site "?"]
[Date "2002.01.27"]
[Round "2"]
[White "Valjan, Barislav"]
[Black "Marmey, Cedric"]
[Result "0-1"]
[WhiteElo "1750"]
[BlackElo "1980"]
[PlyCount "63"]
[EventDate "2002.??.??"]

{Aurec 2  /  Meximieux : Echiquier 1
} 1. c4 e5 2. Nc3 Nc6 3. Nf3 d6 4. h3 Be7
5. e3 f5 6. d3 Nf6 7. Qc2 Be6 8. Ng5 Qd7 9. Nxe6 Qxe6 10. Be2 O-O-O 11. a3 g5
12. Bf3 Qd7 13. Nb5 Kb8 14. b4 h5 15. Bxc6 Qxc6 16. f3 d5 17. Bb2 a6 18. a4
dxc4 19. Bxe5 axb5 20. axb5 Bxb4+ 21. Kf2 Qxb5 22. Bxf6 Rxd3 23. Rhb1 Re8 24.
Bxg5 Qc5 25. Ra4 Rd2+ 26. Qxd2 Bxd2 27. Rba1 Bxe3+ 28. Kf1 Kc8 29. Rd1 b5 30.
Ra8+ Kb7 31. Rxe8 Bxg5 32. g3 {Les Noirs gagnerent quelques coups plus tard.}
0-1